| 000 | 00562cam a2200193 a 4500 | ||
|---|---|---|---|
| 001 | 3054456 | ||
| 005 | 20250628114621.0 | ||
| 008 | 960828s1997 kyu b 001 0 eng | ||
| 020 | _a0664220932 (alk. paper) | ||
| 050 | 0 | 0 |
_aBS1375.3 _b.L48 1997 |
| 082 | 0 | 0 |
_a222/.9077 _220 |
| 100 | 1 | _aLevenson, Jon Douglas. | |
| 245 | 1 | 0 |
_aEsther : _ba commentary / _cJon D. Levenson. |
| 250 | _a1st ed. | ||
| 260 |
_aLouisville, Ky. : _bWestminster John Knox Press, _cc1997. |
||
| 300 |
_axvi, 142 p. ; _c23 cm. |
||
| 440 | 4 | _aThe Old Testament library | |
| 942 |
_2lcc _cBK _n0 |
||
| 999 |
_c6760 _d6760 |
||